|
|
|
|
| LEADER |
01874nam a2200433 a 4500 |
| 001 |
000444591 |
| 003 |
CZ BrMZK |
| 005 |
20080319100328.0 |
| 007 |
ta |
| 008 |
990305s1991 xr a f cze d |
| 015 |
|
|
|a cnb000065340
|
| 020 |
|
|
|a 80-7067-084-3
|q (Brož.)
|
| 035 |
|
|
|a (OCoLC)85678726
|
| 040 |
|
|
|a BOA001
|b cze
|
| 041 |
1 |
|
|a cze
|b eng
|b ger
|b rus
|
| 080 |
9 |
|
|a 371.3
|
| 080 |
9 |
|
|a 796.01
|
| 080 |
9 |
|
|a 37.02
|
| 100 |
1 |
|
|a Frömel, Karel,
|d 1941-
|7 jn20000400731
|4 aut
|
| 245 |
1 |
0 |
|a Teorie programovaného učení v tělesné výchově =
|b Theorie des programmierten Sportunterrichts = Theory of Programmed Teaching in Physical Education /
|c Karel Frömel
|
| 246 |
3 |
1 |
|a Theorie des programmierten Sportunterrichts
|
| 246 |
3 |
1 |
|a Theory of Programmed Teaching in Physical Education
|
| 250 |
|
|
|a 1. vyd.
|
| 260 |
|
|
|a Praha :
|b SPN,
|c 1991
|
| 300 |
|
|
|a 302 s. :
|b il. ;
|c 24 cm
|
| 490 |
1 |
|
|a Acta Universitatis Palackianae Olomucensis. Facultas paedagogica. Monographica ;
|v 13
|
| 504 |
|
|
|a Obsahuje bibliografii a rejstřík
|
| 546 |
|
|
|a Anglické, německé a ruské resumé
|
| 655 |
|
7 |
|a studie
|7 fd133597
|2 czenas
|
| 710 |
2 |
|
|a Univerzita Palackého
|7 kn20010709130
|
| 830 |
|
0 |
|a Acta Universitatis Palackianae Olomucensis.
|p Facultas paedagogica.
|p Monographica
|
| 856 |
4 |
1 |
|u http://www.digitalniknihovna.cz/mzk/uuid/uuid:18281a00-8a0f-11e2-a920-005056827e51
|y Digitalizovaný dokument
|x NDK
|
| 910 |
|
|
|a BOA001
|b 2-0975.460
|b PK-0119.041
|
| 920 |
|
|
|a 000024506
|
| 964 |
|
|
|a Výchova tělesná - učení programované
|
| 990 |
|
|
|a BK
|
| 996 |
6 |
|
|b 2619346735
|c 2-0975.460
|l MZK
|r Sklad / do 1 hodiny
|n 0
|w 000444591
|u 000020
|a 1
|e BOA001
|j MZK50
|s P
|
| 996 |
7 |
|
|b 2619765408
|c 2-0975.460
|l MZK
|r Sklad / do 1 hodiny
|n 4
|w 000444591
|u 000010
|a 1
|e BOA001
|j MZK50
|s A
|
| 996 |
7 |
|
|b 3119996708
|c PK-0119.041
|l MZK
|r Sklad / do 1 hodiny
|n 3
|w 000444591
|u 000030
|a 1
|e BOA001
|j MZK50
|s A
|